Sports Quiz

Random Sports or Football Quiz

Michigan State football opponents Quiz Stats

 Plays Quiz not verified by Sporcle

Score 0/144 Timer 12:00
0 Plays Today
Last Played Team % Correct
2018Michigan
98.7%
1927Ohio
96.5%
2018Ohio State
95.3%
2018Penn State
93.4%
2018Indiana
92.5%
2016Wisconsin
92.5%
2016Illinois
92.1%
2000Florida
91.2%
2017Iowa
90.6%
2017Minnesota
89.3%
2018Purdue
88.7%
2018Northwestern
88.1%
2017Notre Dame
87.1%
1990Southern California
87.1%
2017Western Michigan
86.2%
2014Eastern Michigan
85.8%
1988Florida State
85.5%
2018Oregon
85.5%
2018Central Michigan
84%
2012Georgia
84%
2018Nebraska
83.6%
1997Washington
83%
1935Washington (St. Louis)
83%
1949Arizona
82.4%
2008California
81.1%
2010Texas Tech
80.5%
1995Louisiana State
80.2%
1974UCLA
79.6%
2018Arizona State
78.9%
1989Miami (FL)
77.4%
1994Miami (OH)
77.4%
1971Oregon State
77.4%
2017Washington State
75.8%
1964North Carolina
75.5%
2015Air Force
75%
1984Colorado
74.2%
1947Kentucky
73.6%
2014Stanford
73.3%
1994Kansas
73%
1959Texas A&M
72.6%
2007Pittsburgh
72%
1948Iowa State
71.1%
2001Missouri
70.1%
2018Rutgers
69.8%
1938Auburn
69.5%
1958Kansas State
69.2%
1984Army
68.9%
2016BYU
68%
Last Played Team % Correct
2012Boise State
67.5%
2007Boston College
66.7%
1942West Virginia
66.7%
1985Georgia Tech
66%
2018Maryland
65.1%
1990Syracuse
64.8%
1998Colorado State
61.9%
2015Alabama
61%
1947Mississippi State
60.4%
2005Hawaii
59.4%
2006Idaho
58.8%
2013South Florida
58.3%
1976North Carolina State
58.2%
2011Florida Atlantic
56.3%
1925Toledo
56.3%
2012Texas Christian
56%
2017Bowling Green
55.7%
1914Akron
54.1%
2014Wyoming
54.1%
2015Baylor
51.9%
2018Utah State
50%
1946Cincinnati
49.7%
2005Kent State
48.4%
1996Louisville
46.9%
1949Temple
44.7%
1923Chicago
44.3%
1967Houston
44.3%
2009Montana State
43.1%
2000Marshall
42.8%
2002Rice
42.5%
1997Memphis
40.9%
2001Fresno State
39.6%
2007Alabama-Birmingham
38.4%
2003Louisiana Tech
37.7%
1960Detroit
32.4%
2016Furman
32%
1969Southern Methodist
31.8%
2010Northern Colorado
30.5%
1932South Dakota
29.2%
2013Youngstown State
28.6%
1930North Dakota State
28.3%
1922Massachusetts
28%
1926Cornell
26.4%
1931Cornell College
26.4%
1955Marquette
26.1%
1924South Dakota State
22.3%
2014Jacksonville State
21.4%
1946Wayne State
20.8%
Last Played Team % Correct
1928Albion
20.4%
1932Alma
18.6%
1931Georgetown
17.6%
1927Butler
15.1%
1929Adrian
13.8%
1928Kalamazoo
12.3%
1909DePaul
11.9%
1918Hillsdale
11%
1924Olivet
10.4%
1924St. Louis
10.4%
1904Ohio Northern
8.8%
1930Case Institute of Technology
7.5%
1950William & Mary
7.2%
1930Colgate
6.3%
1941Ohio Wesleyan
6.3%
1923Creighton
6%
1905Lansing HS
6%
1919DePauw
4.4%
1926Centre
4.1%
1932Fordham
4.1%
1937Carnegie Mellon
3.1%
1937San Francisco
3.1%
1909Michigan School for the Deaf
2.8%
1914Mount Union
2.8%
1948Santa Clara
2.2%
1922Wabash
2.2%
1903Detroit YMCA
1.6%
1939Illinois Wesleyan
1.6%
1928Chicago YMCA College
0.9%
1926Lake Forest
0.9%
1935Loyola Marymount
0.9%
1905Michigan Freshmen
0.9%
1916Carroll
0.6%
1910Detroit AC
0.6%
1935Grinnell
0.6%
1926Haskell Institute
0.6%
1937Manhattan
0.6%
1920Marietta
0.6%
1924North Central
0.6%
1908Saginaw Naval Brigade
0.6%
1944Scranton
0.6%
1905Armour Institute
0.3%
1909Culver Military Academy
0.3%
1945Great Lakes NTS
0.3%
1900Lansing AC
0.3%
1905Port Huron YMCA
0.3%
1931Ripon
0.3%
1917Fort MacArthur
0%

You're not logged in!

Compare scores with friends on all Sporcle quizzes.
OR
Log In

Show Comments

Extras

Top Quizzes Today


Score Distribution

Your Account Isn't Verified!

In order to create a playlist on Sporcle, you need to verify the email address you used during registration. Go to your Sporcle Settings to finish the process.

Report this User

Report this user for behavior that violates our Community Guidelines.

Details: